| 000 | 00715nam a2200229 a 4500 | ||
|---|---|---|---|
| 001 | 14189 | ||
| 003 | BD-JhCC | ||
| 005 | 20250209080928.0 | ||
| 008 | 250209b19992005uk |||| ||a| 000 0 eng d | ||
| 020 | _a9780340733509 | ||
| 035 | _a(BD-JhCC)14189 | ||
| 040 |
_aBD-JhCC _dBD-JhCC |
||
| 041 | _aeng | ||
| 082 |
_a158.1 _bTOL 2005 |
||
| 100 | _a Tolle, Eckhart | ||
| 245 |
_aThe power of now / _cEckhart Tolle |
||
| 260 |
_aLondon: _bYellow Kite; _c2005. |
||
| 300 |
_a191 p. _c20 cm. |
||
| 650 | _aWe learn that we can find our way out of psychological pain; authentic human power is found by surrendering to the Now; this silence and space all around us is one of the | ||
| 942 |
_2ddc _cBK |
||
| 999 |
_c14189 _d14189 |
||